Most Visited Turkish Cities by Air Passengers - Statistics

General Stats
  • This quiz has been taken 30 times
  • The average score is 8 of 15
Answer Stats
Passengers City % Correct
113.2 M İstanbul
93%
11.9 M Ankara
90%
35 M Antalya
90%
10.6 M İzmir
86%
4.7 M Adana
62%
2.6 M Gaziantep
59%
2.3 M Kayseri
52%
3.4 M Trabzon
52%
1.4 M Samsun
41%
2 M Diyarbakır
38%
1 M Rize / Artvin
38%
1 M Erzurum
34%
9.3 M Muğla
34%
1.5 M Van
34%
0.9 M Ordu / Giresun
28%
No matching quizzes found
Score Distribution
Percent of People with Each Score
Percentile by Number Answered
Your Score History
You have not taken this quiz